Statistics for Countries with Chimpanzees

Click here to take the quiz!

General Stats

  • This quiz has been taken 44 times
  • The average score is 19 of 22

Answer Stats

SubspeciesCountries% Correct
Pan troglodytes schweinfurthii, Pan troglodytes troglodytesDemocratic Republic of the Congo
100%
Pan troglodytes schweinfurthii, Pan troglodytes troglodytesCentral African Republic
96%
Pan troglodytes troglodytesRepublic of the Congo
96%
Pan troglodytes schweinfurthiiTanzania
96%
Pan troglodytes schweinfurthiiUganda
96%
Pan troglodytes troglodytes, Pan troglodytes vellerosusNigeria
92%
Pan troglodytes troglodytes, Pan troglodytes vellerosusCameroon
88%
Pan troglodytes verusGhana
88%
Pan troglodytes schweinfurthiiRwanda
88%
Pan troglodytes troglodytesAngola
85%
Pan troglodytes schweinfurthiiBurundi
85%
Pan troglodytes troglodytesGabon
85%
Pan troglodytes verusSenegal
85%
Pan troglodytes verusMali
81%
Pan troglodytes troglodytesEquatorial Guinea
77%
Pan troglodytes verusGambia
77%
Pan troglodytes verusGuinea
77%
Pan troglodytes verusGuinea-Bissau
77%
Pan troglodytes verusIvory Coast
77%
Pan troglodytes verusSierra Leone
77%
Pan troglodytes verusLiberia
69%
Pan troglodytes schweinfurthiiSouth Sudan
65%

Score Distribution

Percentile by Number Answered

Percent of People with Each Score

Your Score History

You have not taken this quiz